Statistics for FIFA World Cup Host Countries

Click here to take the quiz!

General Stats

  • This quiz has been taken 70,659 times
    (31,299 since last reset)
  • The average score is 18 of 20

Answer Stats

Years Host nation % Correct
1950, 2014Brazil
99%
2018Russia
98%
1994, 2026United States
98%
1938, 1998France
97%
2006Germany
97%
1974West Germany
97%
1970, 1986, 2026Mexico
96%
1966England
95%
2002Japan
94%
1934, 1990Italy
94%
2026Canada
93%
1982Spain
93%
2010South Africa
92%
1978Argentina
92%
2002South Korea
89%
2022Qatar
89%
1930Uruguay
85%
1958Sweden
73%
1962Chile
67%
1954Switzerland
56%

Score Distribution

Percentile by Number Answered

Percent of People with Each Score

Your Score History

You have not taken this quiz since the last reset